Statistics for First Ballot NFL Hall of Fame

Click here to take the quiz!

General Stats

  • This quiz has been taken 23,951 times
    (1,224 since last reset)
  • The average score is 54 of 89

Answer Stats

YearPosTeamPlayer% Correct
2021QBColtsPeyton Manning
96%
2021WRLionsCalvin Johnson
93%
2016QBPackersBrett Favre
92%
2010RBCowboysEmmitt Smith
92%
2009DEBillsBruce Smith
91%
2000QB49ersJoe Montana
90%
2005QBDolphinsDan Marino
89%
2004RBLionsBarry Sanders
88%
2011CBCowboysDeion Sanders
88%
2010WR49ersJerry Rice
88%
2018LBRavensRay Lewis
88%
2005QB49ersSteve Young
88%
2018WRVikingsRandy Moss
87%
2004QBBroncosJohn Elway
86%
2019TEChiefsTony Gonzalez
86%
2017RBChargersLaDainian Tomlinson
85%
2006QBCowboysTroy Aikman
84%
2020SSteelersTroy Polamalu
84%
1999LBGiantsLawrence Taylor
83%
2019SRavensEd Reed
82%
2017DEDolphinsJason Taylor
81%
1971RBBrownsJim Brown
80%
1989QBSteelersTerry Bradshaw
80%
1984CBRaidersWillie Brown
80%
2002QBBillsJim Kelly
79%
2006QBOilersWarren Moon
79%
2018LBBearsBrian Urlacher
77%
1993RBBearsWalter Payton
77%
2023CBJetsDarrelle Revis
76%
2023OTBrownsJoe Thomas
76%
2021CBPackersCharles Woodson
74%
2006DEEaglesReggie White
74%
1999RBRamsEric Dickerson
73%
1994DTCowboysRandy White
73%
2009DBSteelersRod Woodson
73%
2011RBRamsMarshall Faulk
72%
1987DTSteelersJoe Greene
70%
1985QBCowboysRoger Staubach
70%
1977QBPackersBart Starr
69%
2008CBRedskinsDarrell Green
69%
1997CoachDolphinsDon Shula
69%
1990RBSteelersFranco Harris
69%
1979QBColtsJohnny Unitas
69%
2024DEPanthersJulius Peppers
69%
1985RBBillsO. J. Simpson
69%
2013OLCowboysLarry Allen
68%
2003RBRaidersMarcus Allen
68%
2015LBChargersJunior Seau
65%
2013DTBucsWarren Sapp
63%
1995WRSeahawksSteve Largent
62%
1980DERamsDeacon Jones
61%
2014OTSeahawksWalter Jones
61%
2019CBBroncosChamp Bailey
60%
1993QBChargersDan Fouts
57%
1990CoachCowboysTom Landry
56%
1991RBOilersEarl Campbell
55%
2000DB49ersRonnie Lott
54%
1998OTBengalsAnthony Munoz
53%
1998MLBBearsMike Singletary
53%
2014LBBucsDerrick Brooks
52%
1979LBBearsDick Butkus
51%
1994RBCowboysTony Dorsett
48%
1977RBBearsGale Sayers
47%
1993CoachSteelersChuck Noll
46%
1990MLBSteelersJack Lambert
44%
2007OLOilersBruce Matthews
42%
2013OTRavensJonathan Ogden
40%
1988OLBSteelersJack Ham
39%
1989CBSteelersMel Blount
38%
1981QB/KBearsGeorge Blanda
35%
1991GPatriotsJohn Hannah
33%
1978SCardinalsLarry Wilson
31%
1978WRChargersLance Alworth
29%
1987GRaidersGene Upshaw
28%
1991KChiefsJan Stenerud
28%
1982DTRamsMerlin Olsen
27%
1978MLBPackersRay Nitschke
27%
1973WRColtsRaymond Berry
26%
1980CRaidersJim Otto
25%
1980DTCowboysBob Lilly
23%
1977OTPackersForrest Gregg
22%
2001OTRamsJackie Slater
22%
1983WRBrownsPaul Warfield
21%
1986SRedskinsKen Houston
20%
1973GColtsJim Parker
19%
1972DEColtsGino Marchetti
17%
1987OLDolphinsJim Langer
16%
1970RB49ersHugh McElhenny
15%
1972RBCardinalsOllie Matson
14%

Score Distribution

Percentile by Number Answered

Percent of People with Each Score

Your Score History

You have not taken this quiz since the last reset